000 00614cam a2200157 4500500
005 20260329003239.0
041 _afre
042 _adc
100 1 0 _aMambrino, Jean
_eauthor
245 0 0 _aCinema
260 _c2002.
500 _a71
520 _aEva Jospin takes us on a journey toward the universal in art: The fascinating exploration of caves presented at the Grand Palais invites us to search for shared human experiences.
786 0 _nÉtudes | Volume 397 | 11 | 2002-11-01 | p. 543-553 | 0014-1941
856 4 1 _uhttps://shs.cairn.info/journal-etudes-2002-11-page-543?lang=en&redirect-ssocas=7080
999 _c1822762
_d1822762